[Event "Int SVK-ch Open 2020"]
[Site "Drienica"]
[Date "2020.08.07"]
[Round "1.17"]
[White "Kulich, Filip"]
[Black "Tomcik, Milan"]
[Result "0-1"]
[WhiteElo "1397"]
[BlackElo "1963"]
[Annotator "ChessBase"]
[PlyCount "101"]
[EventDate "2020.08.07"]
[EventType "swiss"]
[EventCountry "SVK"]
[SourceTitle "playchess.com"]
[Source "ChessBase"]
[SourceQuality "1"]
[TimeControl "40/5400+30:1800+30"]

1. e4 {[%emt 0:00:00]} c6 {[%emt 0:00:00]} 2. d4 {[%emt 0:00:00]} d5 {[%emt 0:00:01]} 3. e5 {[%emt 0:00:00]} c5 {[%emt 0:01:01]} 4. c3 {[%emt 0:00:23]} Nc6 {[%emt 0:00:32]} 5. Nf3 {[%emt 0:01:38]} Bg4 {[%emt 0:00:34]} 6. Be2 {[%emt 0:00:28]} e6 {[%emt 0:00:22]} 7. O-O {[%emt 0:00:54]} Nge7 {[%emt 0:02:36]} 8. Bg5 {[%emt 0:01:21]} h6 {[%emt 0:00:17]} 9. Bh4 {[%emt 0:00:39]} Qb6 {[%emt 0:00:56]} 10. Nbd2 {[%emt 0:04:00]} Nf5 {[%emt 0:04:48]} 11. Bg3 {[%emt 0:02:48]} cxd4 {[%emt 0:03:07]} 12. cxd4 {[%emt 0:00:23]} Bxf3 {[%emt 0:09:36]} 13. Nxf3 {[%emt 0:01:19]} Nfxd4 {[%emt 0:03:01]} 14. Nxd4 {[%emt 0:02:15]} Nxd4 {[%emt 0:01:00]} 15. Bd3 {[%emt 0:00:38]} Nc6 {[%emt 0:02:29]} 16. Qa4 {[%emt 0:02:08]} Qb4 {[%emt 0:04:36]} 17. Qc2 {[%emt 0:02:12]} Be7 {[%emt 0:01:06]} 18. Rac1 {[%emt 0:01:47]} O-O {[%emt 0:02:44]} 19. a3 {[%emt 0:02:10]} Qb6 {[%emt 0:01:49]} 20. Qd2 {[%emt 0:01:55]} Bg5 {[%emt 0:01:25]} 21. Bf4 {[%emt 0:00:32]} Nxe5 {[%emt 0:09:05]} 22. Bxg5 {[%emt 0:01:53]} hxg5 {[%emt 0:00:28]} 23. Bc2 {[%emt 0:01:10]} f6 {[%emt 0:07:59]} 24. Qe2 {[%emt 0:01:57]} g6 {[%emt 0:02:06]} 25. Kh1 {[%emt 0:00:53]} Kg7 26. f4 {[%emt 0:02:06]} gxf4 {[%emt 0:08:32]} 27. Rxf4 {[%emt 0:02:13]} Qd6 {[%emt 0:01:33]} 28. Rcf1 {[%emt 0:00:40]} f5 {[%emt 0:01:59]} 29. Qd2 {[%emt 0:01:40]} Ng4 {[%emt 0:03:32]} 30. h3 {[%emt 0:03:09]} Nf6 {[%emt 0:02:24]} 31. Qf2 {[%emt 0:02:50]} Ne4 {[%emt 0:01:30]} 32. Bxe4 {[%emt 0:00:58]} dxe4 {[%emt 0:00:11]} 33. Qe3 {[%emt 0:03:47]} Rfd8 {[%emt 0:03:28]} 34. Qg3 {[%emt 0:03:32]} Rh8 {[%emt 0:02:02]} 35. Qf2 {[%emt 0:01:32]} Qb6 {[%emt 0:03:43]} 36. Qe2 {[%emt 0:06:21]} Rad8 {[%emt 0:01:49]} 37. Qc4 {[%emt 0:03:39]} Rc8 {[%emt 0:01:12]} 38. Qa4 {[%emt 0:01:29]} Rhd8 {[%emt 0:00:42]} 39. b4 {[%emt 0:03:54]} Rd3 {[%emt 0:01:50]} 40. b5 {[%emt 0:01:04]} Qc5 {[%emt 0:01:20]} 41. Qa5 {[%emt 0:31:33]} Qxa3 {[%emt 0:34:27]} 42. Qe1 {[%emt 0:00:36]} Rh8 43. Rh4 {[%emt 0:00:35]} Rxh4 {[%emt 0:01:18]} 44. Qxh4 {[%emt 0:00:17]} Qd6 {[%emt 0:02:05]} 45. Qe1 {[%emt 0:01:50]} a6 {[%emt 0:01:00]} 46. bxa6 {[%emt 0:00:52]} bxa6 {[%emt 0:00:32]} 47. Qa1+ e5 {[%emt 0:00:32]} 48. Rb1 {[%emt 0:00:45]} e3 {[%emt 0:01:01]} 49. Rb7+ {[%emt 0:00:28]} Kf6 {[%emt 0:00:33]} 50. Rb1 {[%emt 0:01:05]} e2 {[%emt 0:00:19]} 51. Qxe5+ {[%emt 0:01:14]} 0-1

[Event "Int SVK-ch Open 2020"]
[Site "Drienica"]
[Date "2020.08.07"]
[Round "1.18"]
[White "Buran Jaroslav"]
[Black "Kukan Michal"]
[Result "1-0"]
[WhiteElo "2098"]
[BlackElo "1775"]
[Annotator "ChessBase"]
[PlyCount "37"]
[EventDate "2020.08.07"]
[EventType "swiss"]
[EventCountry "SVK"]
[SourceTitle "playchess.com"]
[Source "ChessBase"]
[SourceQuality "1"]
[TimeControl "40/5400+30:1800+30"]

1. e4 {[%emt 0:00:00]} c5 {[%emt 0:00:00]} 2. Nf3 {[%emt 0:00:00]} Nc6 {[%emt 0:00:00]} 3. Bb5 {[%emt 0:00:26]} Nd4 {[%emt 0:01:16]} 4. Bc4 {[%emt 0:00:41]} e6 {[%emt 0:01:21]} 5. c3 {[%emt 0:00:15]} Nxf3+ {[%emt 0:04:37]} 6. Qxf3 {[%emt 0:00:09]} Ne7 {[%emt 0:03:29]} 7. O-O {[%emt 0:02:25]} d5 {[%emt 0:02:32]} 8. exd5 {[%emt 0:00:25]} exd5 {[%emt 0:00:28]} 9. Bb5+ {[%emt 0:03:54]} Nc6 {[%emt 0:01:54]} 10. Re1+ {[%emt 0:00:23]} Be6 {[%emt 0:00:49]} 11. c4 {[%emt 0:02:48]} Be7 {[%emt 0:01:42]} 12. Nc3 {[%emt 0:01:08]} d4 {[%emt 0:03:40]} 13. Bxc6+ {[%emt 0:05:10]} bxc6 {[%emt 0:00:16]} 14. Qxc6+ {[%emt 0:00:28]} Bd7 {[%emt 0:01:42]} 15. Rxe7+ {[%emt 0:00:12]} Kxe7 {[%emt 0:01:50]} 16. Nd5+ {[%emt 0:01:07]} Ke8 {[%emt 0:06:58]} 17. Nc7+ {[%emt 0:05:08]} Kf8 {[%emt 0:03:34]} 18. Qxa8 {[%emt 0:01:13]} Qxa8 {[%emt 0:00:16]} 19. Nxa8 {[%emt 0:01:03]} 1-0

[Event "Int SVK-ch Open 2020"]
[Site "Drienica"]
[Date "2020.08.07"]
[Round "1.18"]
[White "Panko, Eduard"]
[Black "Sosovickova, Martina"]
[Result "1-0"]
[WhiteElo "1958"]
[BlackElo "1362"]
[Annotator "ChessBase"]
[PlyCount "75"]
[EventDate "2020.08.07"]
[EventType "swiss"]
[EventCountry "SVK"]
[SourceTitle "playchess.com"]
[Source "ChessBase"]
[SourceQuality "1"]
[TimeControl "40/5400+30:1800+30"]

1. e4 {[%emt 0:00:00]} e5 {[%emt 0:00:00]} 2. Nf3 {[%emt 0:00:04]} Nc6 {[%emt 0:00:00]} 3. d4 {[%emt 0:00:14]} exd4 {[%emt 0:00:08]} 4. Bc4 {[%emt 0:00:12]} Bc5 {[%emt 0:02:06]} 5. c3 {[%emt 0:00:11]} dxc3 {[%emt 0:00:45]} 6. Bxf7+ {[%emt 0:00:15]} Kxf7 {[%emt 0:01:51]} 7. Qd5+ {[%emt 0:00:07]} Ke8 {[%emt 0:03:34]} 8. Qh5+ {[%emt 0:00:57]} Kf8 {[%emt 0:08:11]} 9. Qxc5+ {[%emt 0:01:44]} Qe7 {[%emt 0:01:46]} 10. Qf5+ {[%emt 0:03:32]} Qf6 {[%emt 0:05:12]} 11. Nxc3 {[%emt 0:00:36]} Qxf5 {[%emt 0:01:02]} 12. exf5 {[%emt 0:00:02]} Nf6 {[%emt 0:04:19]} 13. Bg5 {[%emt 0:04:25]} d6 {[%emt 0:09:18]} 14. Bxf6 {[%emt 0:01:29]} gxf6 {[%emt 0:00:50]} 15. Nd5 {[%emt 0:02:14]} Bxf5 {[%emt 0:01:29]} 16. Nxc7 {[%emt 0:06:31]} Rc8 {[%emt 0:02:54]} 17. Nb5 {[%emt 0:07:10]} Re8+ {[%emt 0:02:26]} 18. Kd2 {[%emt 0:01:52]} Rd8 {[%emt 0:04:43]} 19. Nbd4 {[%emt 0:05:06]} Bd7 {[%emt 0:07:21]} 20. Rac1 {[%emt 0:02:32]} Kf7 {[%emt 0:06:10]} 21. a3 {[%emt 0:03:39]} Rhe8 {[%emt 0:05:27]} 22. Rhe1 {[%emt 0:03:59]} Kg6 {[%emt 0:06:46]} 23. b4 {[%emt 0:05:04]} a6 {[%emt 0:03:22]} 24. Rxe8 {[%emt 0:05:42]} Rxe8 {[%emt 0:00:42]} 25. Rc3 {[%emt 0:00:21]} Re4 {[%emt 0:03:35]} 26. Rd3 {[%emt 0:06:23]} Nxd4 {[%emt 0:04:24]} 27. Nxd4 {[%emt 0:04:34]} Re5 {[%emt 0:02:10]} 28. g3 {[%emt 0:01:34]} Rd5 {[%emt 0:02:47]} 29. Kc3 {[%emt 0:02:23]} Bc6 {[%emt 0:03:42]} 30. h4 {[%emt 0:03:27]} h5 {[%emt 0:02:16]} 31. f4 {[%emt 0:04:24]} Bb5 {[%emt 0:02:01]} 32. Re3 {[%emt 0:00:56]} Kf7 {[%emt 0:00:46]} 33. Re1 {[%emt 0:02:17]} Bc6 {[%emt 0:01:04]} 34. Kc4 {[%emt 0:00:21]} b5+ {[%emt 0:00:35]} 35. Kd3 {[%emt 0:00:54]} Bb7 {[%emt 0:00:30]} 36. Rc1 {[%emt 0:00:16]} Kg6 {[%emt 0:01:04]} 37. Rc7 {[%emt 0:00:25]} Ba8 {[%emt 0:00:44]} 38. Ke3 {[%emt 0:00:44]} 1-0

[Event "Int SVK-ch Open 2020"]
[Site "Drienica"]
[Date "2020.08.07"]
[Round "1.19"]
[White "Steiniger, Florian"]
[Black "Magda, Filip"]
[Result "1-0"]
[WhiteElo "1951"]
[BlackElo "1266"]
[Annotator "ChessBase"]
[PlyCount "79"]
[EventDate "2020.08.07"]
[EventType "swiss"]
[EventCountry "SVK"]
[SourceTitle "playchess.com"]
[Source "ChessBase"]
[SourceQuality "1"]
[TimeControl "40/5400+30:1800+30"]

1. e4 c5 2. c4 Nc6 3. Nc3 g6 4. d3 Bg7 5. Nge2 d6 6. g3 Nf6 7. Bg2 O-O 8. O-O Bd7 9. h3 a6 10. Be3 Rb8 11. Qd2 b5 12. Rab1 bxc4 13. dxc4 Ne5 14. b3 Bxh3 15. f4 Bxg2 16. fxe5 Bxf1 17. exf6 Bxf6 18. Rxf1 Qd7 19. Nd5 Bg7 20. Bh6 Rb7 21. Rf2 Qg4 22. Rh2 f6 23. Rh4 Qe6 24. Bxg7 Kxg7 25. Qh6+ Kf7 26. Qxh7+ Ke8 27. Qxg6+ Kd8 28. Qf5 Qf7 29. Nef4 Rg8 30. Ne6+ Ke8 31. Ndc7+ Rxc7 32. Nxc7+ Kd8 33. Ne6+ Ke8 34. Kf2 a5 35. Nf4 Kd8 36. Rh7 Qe8 37. Ne6+ Kc8 38. Ng7+ Qd7 39. Qd5 Rd8 40. Ne6 1-0

[Event "Int SVK-ch Open 2020"]
[Site "Drienica"]
[Date "2020.08.07"]
[Round "1.19"]
[White "Sevcik Lubomir"]
[Black "Frink Ferenc"]
[Result "0-1"]
[WhiteElo "1748"]
[BlackElo "2079"]
[Annotator "ChessBase"]
[PlyCount "80"]
[EventDate "2020.08.07"]
[EventType "swiss"]
[EventCountry "SVK"]
[SourceTitle "playchess.com"]
[Source "ChessBase"]
[SourceQuality "1"]
[TimeControl "40/5400+30:1800+30"]

1. d4 {[%emt 0:02:20]} Nf6 {[%emt 0:00:00]} 2. c4 {[%emt 0:00:13]} Nc6 {[%emt 0:00:06]} 3. Nf3 {[%emt 0:00:36]} e6 {[%emt 0:00:16]} 4. Nc3 {[%emt 0:00:34]} d6 {[%emt 0:00:10]} 5. e4 {[%emt 0:00:29]} Bd7 {[%emt 0:00:11]} 6. Bd3 {[%emt 0:00:15]} e5 {[%emt 0:00:09]} 7. d5 {[%emt 0:00:36]} Ne7 {[%emt 0:00:11]} 8. h3 {[%emt 0:01:17]} Ng6 {[%emt 0:00:10]} 9. Bg5 {[%emt 0:03:59]} Be7 {[%emt 0:00:19]} 10. O-O {[%emt 0:00:44]} O-O {[%emt 0:00:18]} 11. Nh4 {[%emt 0:06:08]} Nxd5 {[%emt 0:02:54]} 12. Nxg6 {[%emt 0:04:04]} fxg6 {[%emt 0:00:11]} 13. Bxe7 {[%emt 0:01:52]} Nxe7 {[%emt 0:00:03]} 14. Nd5 {[%emt 0:01:27]} c6 {[%emt 0:01:14]} 15. Nxe7+ {[%emt 0:00:19]} Qxe7 {[%emt 0:01:31]} 16. Be2 {[%emt 0:02:00]} Rf4 {[%emt 0:01:11]} 17. Qd3 {[%emt 0:01:32]} Raf8 {[%emt 0:01:40]} 18. Rad1 {[%emt 0:00:58]} R4f6 {[%emt 0:00:41]} 19. c5 {[%emt 0:01:27]} d5 {[%emt 0:00:16]} 20. exd5 {[%emt 0:01:21]} Qxc5 {[%emt 0:00:14]} 21. Bf3 {[%emt 0:02:43]} Bf5 {[%emt 0:04:58]} 22. Qc3 {[%emt 0:04:35]} Qe7 {[%emt 0:05:14]} 23. dxc6 {[%emt 0:01:44]} e4 {[%emt 0:04:42]} 24. Qc4+ {[%emt 0:03:36]} Kh8 {[%emt 0:02:29]} 25. Rfe1 {[%emt 0:01:27]} Rxc6 {[%emt 0:00:33]} 26. Qd5 {[%emt 0:01:09]} Re6 {[%emt 0:01:46]} 27. Bg4 {[%emt 0:03:28]} e3 {[%emt 0:01:53]} 28. f3 {[%emt 0:02:16]} h6 {[%emt 0:09:25]} 29. Qd4 {[%emt 0:03:04]} b6 {[%emt 0:00:56]} 30. Re2 {[%emt 0:02:09]} Re8 {[%emt 0:01:56]} 31. Qa4 {[%emt 0:01:25]} a5 {[%emt 0:01:48]} 32. Rd7 {[%emt 0:01:31]} Qf6 {[%emt 0:00:13]} 33. Rb7 {[%emt 0:06:03]} R6e7 {[%emt 0:02:39]} 34. Bxf5 {[%emt 0:03:16]} gxf5 {[%emt 0:00:53]} 35. Qb5 {[%emt 0:00:13]} Re6 {[%emt 0:02:07]} 36. Rxb6 {[%emt 0:01:50]} Rc8 {[%emt 0:10:15]} 37. Rxe6 {[%emt 0:12:39]} Qxe6 {[%emt 0:00:46]} 38. b3 {[%emt 0:04:31]} Rc1+ {[%emt 0:03:10]} 39. Kh2 {[%emt 0:00:27]} Qd6+ {[%emt 0:00:10]} 40. g3 {[%emt 0:03:05]} Qd1 {[%emt 0:00:11]} 0-1

[Event "Int SVK-ch Open 2020"]
[Site "Drienica"]
[Date "2020.08.07"]
[Round "1.20"]
[White "Stevik Patrik"]
[Black "Socko Weronika"]
[Result "1-0"]
[WhiteElo "2076"]
[BlackElo "1741"]
[Annotator "ChessBase"]
[PlyCount "63"]
[EventDate "2020.08.07"]
[EventType "swiss"]
[EventCountry "SVK"]
[SourceTitle "playchess.com"]
[Source "ChessBase"]
[SourceQuality "1"]
[TimeControl "40/5400+30:1800+30"]

1. b3 {[%emt 0:00:00]} d5 {[%emt 0:00:00]} 2. Bb2 {[%emt 0:00:15]} Nf6 {[%emt 0:00:10]} 3. e3 {[%emt 0:00:06]} e6 {[%emt 0:01:05]} 4. f4 {[%emt 0:00:40]} c5 {[%emt 0:00:18]} 5. Nf3 {[%emt 0:00:06]} Nc6 {[%emt 0:01:05]} 6. Bb5 {[%emt 0:00:47]} Bd7 {[%emt 0:00:59]} 7. O-O {[%emt 0:00:31]} Be7 {[%emt 0:02:21]} 8. d3 {[%emt 0:03:49]} a6 {[%emt 0:00:49]} 9. Bxc6 {[%emt 0:00:43]} Bxc6 {[%emt 0:00:06]} 10. Ne5 {[%emt 0:00:28]} d4 {[%emt 0:04:29]} 11. e4 {[%emt 0:01:42]} Qc7 {[%emt 0:04:33]} 12. Nd2 {[%emt 0:01:36]} O-O {[%emt 0:04:24]} 13. Qe1 {[%emt 0:05:28]} Nh5 {[%emt 0:09:03]} 14. g3 {[%emt 0:04:02]} Be8 {[%emt 0:03:54]} 15. Qf2 {[%emt 0:03:35]} g5 {[%emt 0:05:32]} 16. c3 {[%emt 0:03:03]} f6 {[%emt 0:04:09]} 17. Ng4 {[%emt 0:02:39]} e5 {[%emt 0:09:44]} 18. Nh6+ {[%emt 0:06:32]} Kh8 {[%emt 0:04:45]} 19. fxe5 {[%emt 0:01:06]} fxe5 {[%emt 0:00:50]} 20. Qe2 {[%emt 0:00:42]} Bg6 {[%emt 0:02:43]} 21. cxd4 {[%emt 0:00:56]} exd4 {[%emt 0:01:05]} 22. Rac1 {[%emt 0:02:09]} Qd7 {[%emt 0:08:04]} 23. Nc4 {[%emt 0:04:13]} Bf6 {[%emt 0:08:28]} 24. Nb6 {[%emt 0:02:29]} Qg7 {[%emt 0:08:10]} 25. Nf5 {[%emt 0:02:07]} Qc7 {[%emt 0:03:12]} 26. Nxa8 {[%emt 0:00:53]} Rxa8 {[%emt 0:00:02]} 27. Bxd4 {[%emt 0:00:58]} Bxd4+ {[%emt 0:00:56]} 28. Nxd4 {[%emt 0:00:02]} Nxg3 {[%emt 0:01:32]} 29. hxg3 {[%emt 0:01:07]} Qxg3+ {[%emt 0:00:10]} 30. Qg2 {[%emt 0:00:04]} Qxd3 {[%emt 0:03:45]} 31. Nf5 {[%emt 0:00:20]} Re8 {[%emt 0:00:40]} 32. Qb2+ {[%emt 0:00:53]} 1-0

[Event "Int SVK-ch Open 2020"]
[Site "Drienica"]
[Date "2020.08.07"]
[Round "1.20"]
[White "Magda, Juraj"]
[Black "Dujava, Daniel"]
[Result "0-1"]
[WhiteElo "1261"]
[BlackElo "1942"]
[Annotator "ChessBase"]
[PlyCount "42"]
[EventDate "2020.08.07"]
[EventType "swiss"]
[EventCountry "SVK"]
[SourceTitle "playchess.com"]
[Source "ChessBase"]
[SourceQuality "1"]
[TimeControl "40/5400+30:1800+30"]

1. e4 e6 2. d4 d5 3. exd5 exd5 4. Nf3 Bd6 5. Nc3 Ne7 6. Be2 O-O 7. Bg5 c6 8. Qd2 Re8 {[%emt 0:05:53]} 9. O-O-O {[%emt 0:12:04]} b5 {[%emt 0:04:38]} 10. h4 {[%emt 0:04:50]} a5 {[%emt 0:02:20]} 11. Rdg1 {[%emt 0:01:38]} a4 {[%emt 0:02:39]} 12. a3 {[%emt 0:00:56]} b4 {[%emt 0:01:15]} 13. axb4 {[%emt 0:01:36]} Bxb4 {[%emt 0:01:14]} 14. h5 {[%emt 0:02:16]} a3 {[%emt 0:09:17]} 15. Qd3 {[%emt 0:05:33]} axb2+ {[%emt 0:00:30]} 16. Kxb2 {[%emt 0:00:30]} Ba3+ {[%emt 0:00:30]} 17. Ka1 {[%emt 0:00:30]} Qa5 {[%emt 0:00:30]} 18. Na2 {[%emt 0:04:31]} Ba6 {[%emt 0:08:53]} 19. Qe3 {[%emt 0:01:35]} Bxe2 {[%emt 0:00:30]} 20. h6 {[%emt 0:00:30]} Bd6 {[%emt 0:00:30]} 21. Qb3 {[%emt 0:00:30]} Bc4 {[%emt 0:08:03]} 0-1

[Event "Int SVK-ch Open 2020"]
[Site "Drienica"]
[Date "2020.08.07"]
[Round "1.21"]
[White "Antal, Jakub"]
[Black "Kubikova, Nina"]
[Result "1-0"]
[WhiteElo "1939"]
[BlackElo "1256"]
[Annotator "ChessBase"]
[PlyCount "39"]
[EventDate "2020.08.07"]
[EventType "swiss"]
[EventCountry "SVK"]
[SourceTitle "playchess.com"]
[Source "ChessBase"]
[SourceQuality "1"]
[TimeControl "40/5400+30:1800+30"]

1. e4 {[%emt 0:00:00]} e5 {[%emt 0:00:00]} 2. Nf3 {[%emt 0:00:20]} Nc6 {[%emt 0:00:00]} 3. c4 {[%emt 0:01:01]} Nf6 {[%emt 0:00:54]} 4. Nc3 {[%emt 0:00:21]} Bc5 {[%emt 0:00:54]} 5. Nxe5 {[%emt 0:02:58]} Nxe5 {[%emt 0:03:19]} 6. d4 {[%emt 0:00:08]} Bxd4 {[%emt 0:00:14]} 7. Qxd4 {[%emt 0:01:13]} Nc6 {[%emt 0:01:24]} 8. Qd1 {[%emt 0:02:49]} O-O {[%emt 0:01:12]} 9. Bd3 {[%emt 0:02:22]} d6 {[%emt 0:01:44]} 10. Bg5 {[%emt 0:03:23]} Re8 {[%emt 0:03:57]} 11. O-O {[%emt 0:02:18]} h6 {[%emt 0:03:43]} 12. Bh4 {[%emt 0:04:03]} Ne5 {[%emt 0:03:41]} 13. f4 {[%emt 0:15:48]} Nxd3 {[%emt 0:02:20]} 14. Qxd3 {[%emt 0:00:24]} b6 {[%emt 0:06:12]} 15. Rae1 {[%emt 0:14:53]} Ba6 {[%emt 0:03:55]} 16. Rf3 {[%emt 0:19:09]} Qd7 {[%emt 0:06:45]} 17. Bxf6 {[%emt 0:03:16]} gxf6 {[%emt 0:00:25]} 18. Nd5 {[%emt 0:04:12]} Qd8 {[%emt 0:03:23]} 19. Rg3+ {[%emt 0:00:26]} Kh8 {[%emt 0:00:15]} 20. Rh3 {[%emt 0:02:55]} 1-0

[Event "Int SVK-ch Open 2020"]
[Site "Drienica"]
[Date "2020.08.07"]
[Round "1.21"]
[White "Bochnickova Simona"]
[Black "Ondo Tomas"]
[Result "0-1"]
[WhiteElo "1734"]
[BlackElo "2065"]
[Annotator "ChessBase"]
[PlyCount "49"]
[EventDate "2020.08.07"]
[EventType "swiss"]
[EventCountry "SVK"]
[SourceTitle "playchess.com"]
[Source "ChessBase"]
[SourceQuality "1"]
[TimeControl "40/5400+30:1800+30"]

1. e4 {[%emt 0:00:00]} e5 {[%emt 0:00:00]} 2. Nf3 {[%emt 0:00:00]} Nc6 {[%emt 0:00:00]} 3. Nc3 {[%emt 0:00:00]} Nf6 {[%emt 0:00:12]} 4. Bb5 {[%emt 0:00:00]} Nd4 {[%emt 0:00:53]} 5. Nxd4 {[%emt 0:00:00]} exd4 {[%emt 0:00:13]} 6. e5 {[%emt 0:00:03]} dxc3 {[%emt 0:01:32]} 7. exf6 {[%emt 0:00:08]} Qxf6 {[%emt 0:00:10]} 8. dxc3 {[%emt 0:00:09]} Bc5 {[%emt 0:01:41]} 9. O-O {[%emt 0:00:34]} O-O {[%emt 0:00:59]} 10. Bxd7 {[%emt 0:04:31]} Bxd7 {[%emt 0:00:22]} 11. Qxd7 {[%emt 0:00:13]} Rad8 {[%emt 0:00:46]} 12. Qg4 {[%emt 0:00:48]} Rfe8 {[%emt 0:16:47]} 13. Bg5 {[%emt 0:00:49]} Qg6 {[%emt 0:02:48]} 14. h4 {[%emt 0:08:35]} h6 {[%emt 0:31:51]} 15. Qc4 {[%emt 0:01:01]} hxg5 {[%emt 0:00:28]} 16. Qxc5 {[%emt 0:00:59]} gxh4 {[%emt 0:00:21]} 17. Qxc7 {[%emt 0:03:15]} h3 {[%emt 0:03:18]} 18. Qh2 {[%emt 0:05:11]} hxg2 {[%emt 0:01:35]} 19. Qxg2 {[%emt 0:00:09]} Qxc2 {[%emt 0:01:05]} 20. Qxb7 {[%emt 0:01:09]} Rd6 {[%emt 0:02:54]} 21. Rfe1 {[%emt 0:02:09]} Rg6+ {[%emt 0:12:49]} 22. Kh1 {[%emt 0:02:27]} Rxe1+ {[%emt 0:00:30]} 23. Rxe1 {[%emt 0:00:12]} Qxf2 {[%emt 0:00:34]} 24. Qa8+ {[%emt 0:00:53]} Kh7 {[%emt 0:00:09]} 25. Qe4 {[%emt 0:00:16]} 0-1

[Event "Int SVK-ch Open 2020"]
[Site "Drienica"]
[Date "2020.08.07"]
[Round "1.22"]
[White "Brnusak Tomas"]
[Black "Furman Slavomir"]
[Result "1-0"]
[WhiteElo "2064"]
[BlackElo "1725"]
[Annotator "ChessBase"]
[PlyCount "47"]
[EventDate "2020.08.07"]
[EventType "swiss"]
[EventCountry "SVK"]
[SourceTitle "playchess.com"]
[Source "ChessBase"]
[SourceQuality "1"]
[TimeControl "40/5400+30:1800+30"]

1. d4 {[%emt 0:00:00]} d5 {[%emt 0:00:00]} 2. c4 {[%emt 0:00:11]} c6 {[%emt 0:00:09]} 3. cxd5 {[%emt 0:00:37]} cxd5 {[%emt 0:00:14]} 4. Bg5 {[%emt 0:00:37]} Qb6 {[%emt 0:05:06]} 5. Nc3 {[%emt 0:00:37]} e6 {[%emt 0:02:35]} 6. Rc1 {[%emt 0:05:15]} Nd7 {[%emt 0:05:17]} 7. e3 {[%emt 0:12:04]} a6 {[%emt 0:00:30]} 8. Qc2 {[%emt 0:00:33]} Be7 {[%emt 0:04:48]} 9. Nxd5 {[%emt 0:14:36]} exd5 {[%emt 0:08:09]} 10. Qxc8+ {[%emt 0:00:51]} Rxc8 {[%emt 0:00:15]} 11. Rxc8+ {[%emt 0:00:07]} Qd8 {[%emt 0:00:08]} 12. Rxd8+ {[%emt 0:00:45]} Bxd8 {[%emt 0:01:11]} 13. Bxd8 {[%emt 0:00:30]} Kxd8 {[%emt 0:00:24]} 14. Bd3 {[%emt 0:00:52]} Ne7 {[%emt 0:08:29]} 15. Ne2 {[%emt 0:02:17]} Nf6 {[%emt 0:02:20]} 16. f3 {[%emt 0:00:43]} Re8 {[%emt 0:07:44]} 17. Kd2 {[%emt 0:00:51]} Nc6 {[%emt 0:04:20]} 18. g4 {[%emt 0:00:56]} h6 {[%emt 0:03:03]} 19. h4 {[%emt 0:00:10]} Nd7 {[%emt 0:13:11]} 20. g5 {[%emt 0:04:13]} Rh8 {[%emt 0:05:50]} 21. g6 {[%emt 0:01:24]} fxg6 {[%emt 0:10:43]} 22. Nf4 {[%emt 0:01:13]} Ne7 {[%emt 0:03:31]} 23. Bxg6 {[%emt 0:03:10]} Rf8 {[%emt 0:01:37]} 24. Ne6+ {[%emt 0:00:13]} 1-0

[Event "Int SVK-ch Open 2020"]
[Site "Drienica"]
[Date "2020.08.07"]
[Round "1.22"]
[White "Horbalova, Ivana"]
[Black "Hlavac, Peter"]
[Result "0-1"]
[WhiteElo "1311"]
[BlackElo "1952"]
[Annotator "ChessBase"]
[PlyCount "78"]
[EventDate "2020.08.07"]
[EventType "swiss"]
[EventCountry "SVK"]
[SourceTitle "playchess.com"]
[Source "ChessBase"]
[SourceQuality "1"]
[TimeControl "40/5400+30:1800+30"]

1. d4 Nf6 2. c4 c5 3. d5 e6 4. Nc3 exd5 5. cxd5 a6 6. e4 d6 7. f3 b5 8. Bxb5+ axb5 9. Nxb5 Qa5+ 10. Nc3 Nbd7 11. Nge2 Ba6 12. O-O Be7 13. Rf2 O-O 14. Ng3 Rfe8 15. Bd2 Ne5 16. Nce2 Qb6 17. b3 Nd3 18. Qf1 c4 19. Nf5 Qxf2+ 20. Qxf2 Nxf2 21. Kxf2 Bf8 22. Neg3 cxb3 23. axb3 Reb8 24. b4 g6 25. Nd4 Bg7 26. Bc3 Nd7 27. Ke3 Rc8 28. Rc1 Bxd4+ 29. Kxd4 Rc4+ 30. Ke3 Rac8 31. Kd2 Nb6 32. Ne2 Na4 33. e5 Nxc3 34. Rxc3 dxe5 35. g3 Rxb4 36. Rxc8+ Bxc8 37. Kc3 Rb5 38. Kc4 Rb2 39. Nc1 Rc2+ 0-1

[Event "Int SVK-ch Open 2020"]
[Site "Drienica"]
[Date "2020.08.07"]
[Round "1.23"]
[White "Paluska Karol"]
[Black "Ihnat Marek"]
[Result "0-1"]
[WhiteElo "1723"]
[BlackElo "2046"]
[Annotator "ChessBase"]
[PlyCount "72"]
[EventDate "2020.08.07"]
[EventType "swiss"]
[EventCountry "SVK"]
[SourceTitle "playchess.com"]
[Source "ChessBase"]
[SourceQuality "1"]
[TimeControl "40/5400+30:1800+30"]

1. Nf3 {[%emt 0:00:00]} Nf6 {[%emt 0:00:00]} 2. g3 {[%emt 0:00:00]} d5 {[%emt 0:00:56]} 3. d4 {[%emt 0:00:14]} g6 {[%emt 0:00:08]} 4. Bg2 {[%emt 0:00:04]} Bg7 {[%emt 0:00:06]} 5. O-O {[%emt 0:00:04]} O-O {[%emt 0:00:05]} 6. c4 {[%emt 0:02:02]} dxc4 {[%emt 0:00:10]} 7. Ne5 {[%emt 0:01:25]} c5 {[%emt 0:00:43]} 8. dxc5 {[%emt 0:02:01]} Qc7 {[%emt 0:04:17]} 9. Nxc4 {[%emt 0:10:38]} Qxc5 {[%emt 0:00:26]} 10. Qb3 {[%emt 0:00:37]} Nc6 {[%emt 0:04:18]} 11. Be3 {[%emt 0:01:29]} Qh5 {[%emt 0:08:16]} 12. Nbd2 {[%emt 0:08:57]} Ng4 {[%emt 0:02:57]} 13. h4 {[%emt 0:04:49]} Nxe3 {[%emt 0:01:26]} 14. Qxe3 {[%emt 0:01:04]} Be6 {[%emt 0:05:41]} 15. Rac1 {[%emt 0:15:22]} Bh6 {[%emt 0:08:38]} 16. f4 {[%emt 0:04:25]} Qb5 {[%emt 0:05:59]} 17. b3 {[%emt 0:08:20]} Rfd8 {[%emt 0:05:26]} 18. Nf3 {[%emt 0:09:48]} Bg7 {[%emt 0:11:09]} 19. Qf2 {[%emt 0:08:06]} Rac8 {[%emt 0:08:17]} 20. Kh2 {[%emt 0:00:47]} Nd4 {[%emt 0:06:49]} 21. Nfd2 {[%emt 0:02:08]} b6 {[%emt 0:03:54]} 22. e3 {[%emt 0:09:58]} Nf5 {[%emt 0:00:27]} 23. g4 {[%emt 0:02:00]} Nh6 {[%emt 0:01:07]} 24. Bf3 {[%emt 0:02:16]} Nxg4+ {[%emt 0:02:39]} 25. Bxg4 {[%emt 0:00:05]} Bxg4 {[%emt 0:00:04]} 26. Rg1 {[%emt 0:00:46]} Qh5 {[%emt 0:02:29]} 27. Ne4 {[%emt 0:01:59]} h6 {[%emt 0:07:36]} 28. Qg3 {[%emt 0:04:03]} Bf5 {[%emt 0:03:57]} 29. Ncd2 {[%emt 0:00:31]} Rxc1 {[%emt 0:01:07]} 30. Rxc1 {[%emt 0:00:05]} Qe2+ {[%emt 0:02:07]} 31. Qg2 {[%emt 0:00:49]} Qxe3 {[%emt 0:00:30]} 32. Rf1 {[%emt 0:00:31]} Bxe4 {[%emt 0:02:07]} 33. Nxe4 {[%emt 0:00:07]} f5 {[%emt 0:00:39]} 34. Qxg6 {[%emt 0:00:43]} Qxe4 {[%emt 0:00:30]} 35. Rg1 {[%emt 0:00:37]} Rd2+ {[%emt 0:00:45]} 36. Kh3 {[%emt 0:00:35]} Qf3+ {[%emt 0:00:06]} 0-1